banner-ar

حقيقة التعددية السياسية فى مصر : دراسات فى التحول الرأسمالى والمشاركة السياسية / (Record no. 48305)

MARC details
000 -الفاتح
حقل البيانات ثابتة الطول 00509nam a2200121Ia 4500
008 - عناصر البيانات ثابتة الطول - معلومات عامة
حقل البيانات ثابتة الطول 140319s9999 xx 000 0 ara d
040 ## - مصدر الفهرسة
وكالة الفهرسة الأصلية GCL /
وكالة النسخ GCL
082 04 - رقم تصنيف ديوى العشرى
رقم التصنيف ق
رقم المادة 329.02
-- م ح
100 1# - المدخل الرئيسى - إسم شخصى
الإسم الشخصى مركز البحوث العربية
245 10 - بيان العنوان
العنوان حقيقة التعددية السياسية فى مصر : دراسات فى التحول الرأسمالى والمشاركة السياسية /
بيان المسئوليه,etc مركز البحوث العربية
490 ## - بيان السلسلة
عنوان السلسلة الهيئة العامة للاستعلامات
رقم المجلد/ التعيين التسلسلي 0
Holdings
حالة التراجع حالة الفقد حالة تلف ليس للاعارة المكان المؤقت الموقع الحالى تاريخ الاكتساب اجمالي اﻻعارات رقم الطلب الباركود تاريخ اخر مشاهدة تاريخ تفعيل السعر نوع وعاء كوها
        مكتبة القاهرة الكبرى مكتبة القاهرة الكبرى 03/26/2014   ق\329.02\م ح 116621 10/05/2022 03/26/2014 كتاب

Powered By

EGPV